| 000 | 00967nam a22002537a 4500 | ||
|---|---|---|---|
| 001 | 5690 | ||
| 003 | FISKH | ||
| 005 | 20250114101656.0 | ||
| 008 | 250114b cb ||||| |||| 00| 0 eng d | ||
| 020 | _a9780746030516 | ||
| 040 |
_aFISKH _beng _cFISKH _dFISKH |
||
| 050 | _aQH48 | ||
| 082 | _a508.03 | ||
| 100 | _aColvin, Leslie | ||
| 245 |
_aThe usborne living world encyclopedia / _cby Leslie Colvin and Emma Speare |
||
| 260 |
_aLondon : _bUsborne Publishing, Ltd ; _c1999. |
||
| 300 |
_a128 pages : _bcolor illustrations; _c26 cm. |
||
| 520 | _aThis book is full of informative and interes ting facts about the plants and animals around us. It is arr anged by environments and habitats, to emphasize how living things interact with each other and their ever-changing natu ral world. ' | ||
| 650 |
_aencyclopedia _vnon-fiction |
||
| 700 |
_aBowring, Isabel _eillustrator |
||
| 700 |
_aChen, Kuo Kang _eillustrator |
||
| 942 |
_2ddc _cBK _n0 |
||
| 999 |
_c5690 _d5690 |
||